BSOP header

Daniel in the critic's den / (Record no. 14537)

MARC details
000 -LEADER
fixed length control field 00588nam a2200169 4500
008 - FIXED-LENGTH DATA ELEMENTS--GENERAL INFORMATION
fixed length control field 030228s1990 us 1 eng
020 ## - INTERNATIONAL STANDARD BOOK NUMBER
International Standard Book Number 0825421330
090 ## - LOCALLY ASSIGNED LC-TYPE CALL NUMBER (OCLC); LOCAL CALL NUMBER (OCLC)
Classification number (OCLC) (R) ; Classification number, CALL (RLIN) (NR) BS1555
Local cutter number (OCLC) ; Book number/undivided call number, CALL (RLIN) An2d
100 1# - MAIN ENTRY--PERSONAL NAME
Personal name Anderson, Robert
245 10 - TITLE STATEMENT
Title Daniel in the critic's den /
Statement of responsibility, etc Robert Anderson.
260 ## - PUBLICATION, DISTRIBUTION, ETC. (IMPRINT)
Place of publication, distribution, etc Michigan :
Name of publisher, distributor, etc Kregel,
Date of publication, distribution, etc c1990.
300 ## - PHYSICAL DESCRIPTION
Extent xvi, 186 p.
500 ## - GENERAL NOTE
General note Reprint: Originally published; 3rd ed. London: J. Nisbet, 1909
504 ## - BIBLIOGRAPHY, ETC. NOTE
Bibliography, etc Includes index
650 #4 - SUBJECT ADDED ENTRY--TOPICAL TERM
Topical term or geographic name as entry element Bible. O.T. Daniel
General subdivision Criticism, interpretation, etc.
951 ## - EQUIVALENCE OR CROSS-REFERENCE-GEOGRAPHIC NAME/AREA NAME [OBSOLETE] [CAN/MARC only]
General subdivision 00018121
951 ## - EQUIVALENCE OR CROSS-REFERENCE-GEOGRAPHIC NAME/AREA NAME [OBSOLETE] [CAN/MARC only]
-- 20233
-- BS1555/An2d
-- 070613111216062
-- 2000-12-21
-- GC
Holdings
Withdrawn status Lost status Damaged status Not for loan Home library Current library Shelving location Date acquired Accession number Shelving control number Total Checkouts Full call number Barcode Date last seen Price effective from Koha item type
        BSOP Library BSOP Library GC 12/21/2000 20233 127   BS1555/An2d 00018121 02/23/2013 02/23/2013 Books
BSOP

Biblical Seminary of the Philippines
  All rights Reserved
  © 2024

CONTACT INFORMATION

Biblical Seminary of the Philippines,
  77-B Karuhatan Road, Valenzuela City,
  PHILIPPINES 1441
  Phone: +632 8292-6795 / 8292-6798
  Fax : +632 8292-6675
  Email: library@bsop.edu.ph